Pacific Coast Communities CConfront Shrimp Farm Threat /

Đã lưu trong:
Chi tiết về thư mục
Tác giả chính: Call, Wendy
Định dạng: Texto
Những chủ đề:
Các nhãn: Thêm thẻ
Không có thẻ, Là người đầu tiên thẻ bản ghi này!

MARC

LEADER 00000 a a2200000 04500
001 9986
003
040
100 |a Call, Wendy  
245 |a Pacific Coast Communities CConfront Shrimp Farm Threat /  |c Wendy Call 
650 |a CRIA DE MARISCOS  
650 |a DETERIORO AMBIENTAL  
650 |a MOVILIZACION SOCIAL  
650 |a CONDICIONES DE VIDA  
650 |a PROTECCION AMBIENTAL  
773 |g volumen 36, número 6; páginas 17-22  
999 |c 38151  |d 38151